000 00573nam a2200229Ia 4500
003 OSt
005 20220928141742.0
006 a|||||r|||| 00| 0
007 ta
008 220927b |||||||| |||| 00| 0 eng d
024 _a17419
037 _cTextual
040 _aSDCL
_cSDCL
_beng
041 _2eng
_aeng
082 _aW, L5
100 _aIsaak Robert A
_9502046
245 0 _aPolitics for human beings
260 _c1975
700 _a Hummel Raiph P
_9502047
942 _hW, L5
_cTEXL
_2CC
999 _c819740
_d819740